000 00616nam a2200181 a 4500
001 000030189
005 20200930060122.0
008 110504s1991 dr 000 0 spa d
040 _aDO-SdBNP
_bspa
_cBNPHU
082 _axxx
_bS716r
245 0 0 _aSostenibilidad y recursos naturales.
260 _aSanto Domingo :
_bFundación para el Mejoramiento humano,
_c1991.
300 _a35 p. ;
_c23 cm.
490 1 _aProgressio
_vno. 12
505 1 _aHacia una agricultura sostenible / José Miguel Bonetti -- Paradigma sostenibilidad y el agua / Luis B. Crouch B.
830 0 _aProgressio
_nno. 12
_956897
049 _aBNPD
999 _c29681
_d29681